| 000 | 00000nam##2200000za#4500 |
| 001 | 9.665404 |
| 003 | CaOODSP |
| 005 | 20210615122216 |
| 007 | co ||||||||||| |
| 008 | 150407|2004||||xxc |q d f### # fre|d |
| 020 | |a0-662-68064-2 |
| 040 | |aCaOODSP|bfre |
| 041 | |aeng |
| 041 | |afre |
| 043 | |an-cn--- |
| 086 | 1 |aH46-2/04-268-MRC |
| 110 | 1 |aCanada. |bSanté Canada. |
| 245 | 10|aSoyez en sécurité : |h[ressource électronique]|bles produits chimiques à usage domestique - guide à l'intention des enseignants de la maternelle à la quatrième année |
| 260 | |aOttawa - Ontario : |bSanté Canada |cc2004. |
| 300 | |a1 disque. |
| 520 | 3 |aCes activités, regroupées en fonction d’un niveau scolaire donné et du groupe d’âge correspondant, peuvent être intégrées aux programmes d’enseignement actuels sur la sécurité à la maison. |
| 590 | |a13-32|b2013-08-09 |
| 691 | 07|aSécurité de l'enfant|2gcpds |
| 776 | 0#|tSoyez en sécurité : |w(CaOODSP)9.642357 |
| 776 | 0#|tStay safe : |w(CaOODSP)9.698344 |
| 791 | |tStay safe : |eeng|w(CaOODSP)9.665403 |